2020-2021 Serie A Teams Quiz - Statistics

General Stats
  • This quiz has been taken 425 times
  • The average score is 15 of 20
Answer Stats
Team % Correct
Juventus
100%
Internazionale
98%
Milan
98%
Napoli
93%
Roma
92%
Lazio
91%
Torino
83%
Atalanta
82%
Fiorentina
76%
Cagliari
75%
Genoa
73%
Bologna
72%
Sampdoria
72%
Hellas Verona
71%
Udinese
71%
Sassuolo
69%
Parma
66%
Benevento
50%
Spezia
47%
Crotone
42%
No matching quizzes found
Score Distribution
Percent of People with Each Score
Percentile by Number Answered
Your Score History
You have not taken this quiz